| 000 | 01166nam0a2200325 4500 | ||
|---|---|---|---|
| 001 | RU\NLR\BIBL_A\022678366 | ||
| 005 | 20260420060937.0 | ||
| 010 |
_a978-5-17-177865-1 _91500 |
||
| 021 |
_aRU _bКН-П-25-064125 _9КН-П-25-6215 |
||
| 035 | _a(NLR Aleph) 022678366 | ||
| 090 |
_a13686523 _c13686523 |
||
| 100 | _a20251203d2025 a y0rusy50 ca | ||
| 101 | 1 |
_arus _ager |
|
| 102 | _aRU | ||
| 105 | _ay z 000ay | ||
| 181 | 0 |
_ai4 _baxxe |
|
| 182 | 0 | _an | |
| 200 | 1 |
_aЛемурия _e[сборник] _fКарл Ханс Штробль _gперевод с немецкого Е. Крутовой, Г. Шокина |
|
| 203 |
_aТекст _bвизуальный _cнепосредственный |
||
| 210 |
_aМосква _cАСТ _d2025 |
||
| 215 |
_a415 с. _d21 |
||
| 225 | 1 | _aСерия "Вселенная Стивена Кинга" | |
| 333 | _a16+ | ||
| 686 | 1 | _aШ6(4А)67-445{Лх1348-45} | |
| 700 | 1 |
_7ca _8rus _aШтробль _bК. Х. _f1877-1946 _gКарл Ханс _92697866 _3RU\NLR\AUTH\770290187 |
|
| 942 | _cBOOK | ||
| 980 | _aNB | ||